| 000 | 00817nam a22001937a 4500 | ||
|---|---|---|---|
| 999 |
_c194074 _d194074 |
||
| 005 | 20230116160611.0 | ||
| 010 | _aB-747739-756 E.N.A./7.11.22 | ||
| 020 |
_a9789390927661 _c390.00 |
||
| 035 | _aB-747739-756 | ||
| 037 | _bAdhunik | ||
| 082 | _a910 | ||
| 245 |
_aGhatna Chakra General Geography: _b2022 Chapterwise Solved Paper General Studies Preview 3/ |
||
| 250 | _a6th | ||
| 260 |
_aPrayagraj _bSam-Samayik Ghatna Chakra _c2022 |
||
| 270 |
_a188A/128, Chruchlane, Allenganj _bPrayagraj _e211002 _k9335140296 _mssgcald@yahoo.co.in |
||
| 300 |
_a247p. _c27cm(pbk) |
||
| 942 |
_2ddc _cEN _mGEN _h910 |
||